000 00311nam a2200121Ia 4500
008 220204s9999 xx 000 0 und d
082 _a581.4:581.9
_bGOO
100 _aGOOD, Ronald
245 0 _aGeography of the flowering plants.
260 _aLondon
_bLongman
_c1974
650 _aFlowering plants
942 _cBK
999 _c23718
_d23718